<?xml version="1.0" encoding="UTF-8"?>
<collection xmlns="http://www.loc.gov/MARC21/slim">
 <record>
  <leader>     na                 </leader>
  <controlfield tag="001">INLIS000000000015027</controlfield>
  <controlfield tag="005">20251218023437</controlfield>
  <datafield tag="035" ind1=" " ind2=" ">
   <subfield code="a">0010-1225000054</subfield>
  </datafield>
  <datafield tag="245" ind1="1" ind2=" ">
   <subfield code="a">Bacteriophage (fage) sebagai biokontrol alami mikrobia pada pangan dan lingkungan /</subfield>
   <subfield code="c">Dewi Sartika</subfield>
  </datafield>
  <datafield tag="100" ind1="0" ind2=" ">
   <subfield code="a">Dewi Sartika</subfield>
  </datafield>
  <datafield tag="300" ind1=" " ind2=" ">
   <subfield code="a">xiv, 64 hlm.; 24 cm.</subfield>
  </datafield>
  <datafield tag="260" ind1=" " ind2=" ">
   <subfield code="a">Yogyakarta :</subfield>
   <subfield code="b">Graha Ilmu,</subfield>
   <subfield code="c">2018</subfield>
  </datafield>
  <datafield tag="082" ind1=" " ind2=" ">
   <subfield code="a">579</subfield>
  </datafield>
  <datafield tag="084" ind1=" " ind2=" ">
   <subfield code="a">579 DEW b</subfield>
  </datafield>
  <datafield tag="020" ind1=" " ind2=" ">
   <subfield code="a">978-602-262-860-6</subfield>
  </datafield>
  <datafield tag="650" ind1=" " ind2=" ">
   <subfield code="a">Bakteriologi</subfield>
  </datafield>
  <datafield tag="650" ind1=" " ind2=" ">
   <subfield code="a">Mikrobiologi</subfield>
  </datafield>
  <datafield tag="650" ind1=" " ind2=" ">
   <subfield code="a">Mikroba</subfield>
  </datafield>
  <datafield tag="520" ind1=" " ind2=" ">
   <subfield code="a">Buku ini menjabarkan tentang bagaimana mengidentifikasi cemaran mikrobia, wabah Salmonellosis di lingkungan. Ada fenomena baru bahwa Bacteriophage dapat digunakan untuk melisiskan baik di pangan dan lingkungan. Sebagai Biokontrol Mikroba, Bacteriophage patut menjadi alternatif sebagai penurun cemaran. Teknik Isolasi Bacteriophage, Uji Keamanan Secara In Vivo, dan Keamanan Fage, pada buku ini diuraikan dengan jelas. Buku ini sangat bermanfaat untuk mempelajari mikrobiologi.</subfield>
  </datafield>
  <controlfield tag="008">251218                d          0 ind  </controlfield>
  <datafield tag="990" ind1=" " ind2=" ">
   <subfield code="a">025.4759/PC/25</subfield>
  </datafield>
  <datafield tag="990" ind1=" " ind2=" ">
   <subfield code="a">025.4760/PC/25</subfield>
  </datafield>
  <datafield tag="990" ind1=" " ind2=" ">
   <subfield code="a">025.4761/PC/25</subfield>
  </datafield>
 </record>
</collection>
